WordForms (Record no. 185747)
[ view plain ]
| 000 -LEADER | |
|---|---|
| fixed length control field | 00602 a2200181 4500 |
| 003 - CONTROL NUMBER IDENTIFIER | |
| control field | Nust |
| 005 - DATE AND TIME OF LATEST TRANSACTION | |
| control field | 20230125131618.0 |
| 020 ## - INTERNATIONAL STANDARD BOOK NUMBER | |
| International Standard Book Number | 053403957x |
| 040 ## - CATALOGING SOURCE | |
| Transcribing agency | Nust |
| 082 ## - DEWEY DECIMAL CLASSIFICATION NUMBER | |
| Classification number | 428.1,GOR |
| 100 ## - MAIN ENTRY--PERSONAL NAME | |
| Personal name | Gordon,Heightsman Helen |
| 9 (RLIN) | 107640 |
| 245 ## - TITLE STATEMENT | |
| Title | WordForms |
| Remainder of title | Context Strategies and Practice / |
| Statement of responsibility, etc. | Heightsman Helen Gordon |
| 260 ## - PUBLICATION, DISTRIBUTION, ETC. | |
| Place of publication, distribution, etc. | Belmont California |
| Name of publisher, distributor, etc. | Wadsworth pub |
| 300 ## - PHYSICAL DESCRIPTION | |
| Extent | 260:P |
| 505 ## - FORMATTED CONTENTS NOTE | |
| Formatted contents note | Basic Tools and Resources (Page-7), Strategies for Building Vocabulary (Page-43),Application of Strategies in Reading (Page-127), |
| 650 ## - SUBJECT ADDED ENTRY--TOPICAL TERM | |
| Topical term or geographic name entry element | WordForms |
| 9 (RLIN) | 107641 |
| 942 ## - ADDED ENTRY ELEMENTS (KOHA) | |
| Source of classification or shelving scheme | |
| Koha item type | Book |
| Call number prefix | 428.1,GOR |
| Withdrawn status | Lost status | Source of classification or shelving scheme | Damaged status | Not for loan | Permanent Location | Current Location | Shelving location | Date acquired | Full call number | Barcode | Date last seen | Price effective from | Koha item type | Public note |
|---|---|---|---|---|---|---|---|---|---|---|---|---|---|---|
| Military College of Signals (MCS) | Military College of Signals (MCS) | General Stacks | 12/12/2016 | 428.1,GOR | MCS2480 | 12/08/2016 | 12/12/2016 | Book | Amirah No. 54, Shelf No. 6 |
